[Event "IND-ch U11 Girls"]
[Site "Visakhapatnam"]
[Date "2023.10.04"]
[Round "6"]
[White "Bhavanya, Panchumarthi"]
[Black "Narayanan, Rishitha"]
[Result "1-0"]
[WhiteElo "1364"]
[BlackElo "1131"]
[PlyCount "75"]
[EventDate "2023.10.01"]
[EventType "swiss"]
[EventRounds "11"]
[EventCountry "IND"]
[SourceTitle "EXT 2025"]
[Source "ChessBase"]
[SourceDate "2024.10.14"]
[SourceVersion "1"]
[SourceVersionDate "2024.10.14"]
[SourceQuality "1"]

1. d4 d5 2. c4 c6 3. cxd5 cxd5 4. Nc3 Nf6 5. Nf3 Nc6 6. Bf4 Qb6 7. Na4 Qa5+ 8. Bd2 Qb5 9. e3 Qxf1+ 10. Kxf1 e6 11. g3 b5 12. Nc3 b4 13. Na4 Ba6+ 14. Kg2 Ne4 15. Rc1 Kd7 16. Ne5+ Nxe5 17. dxe5 Be7 18. f3 Nxd2 19. Qxd2 Rhb8 20. Nc5+ Bxc5 21. Rxc5 b3 22. a3 Bc4 23. Rxc4 Ke8 24. Rc7 a5 25. Qc3 Kf8 26. Qc5+ Kg8 27. Qe7 Rf8 28. h4 Rae8 29. Qg5 Rc8 30. Rhc1 Rxc7 31. Rxc7 a4 32. h5 h6 33. Qf4 f6 34. exf6 Rxf6 35. Rc8+ Kh7 36. Qb8 Rf8 37. Rxf8 g5 38. Qc7# 1-0